000 00614nam a22002297a 4500
003 OSt
005 20180116183034.0
008 160209b xxu||||| |||| 00| 0 eng d
020 _a9781784152321
022 _a9781784152321
040 _c0
050 _a657
082 _a657
100 _aKaplan Publishing
110 _aKaplan Publishing.
245 _aACCA Paper P1,Governance,Risk and Ethics.
_bExam Kit.
_cKaplan Publishing.
260 _aUK
_bKaplan Publishing.
_c2015.
300 _a502p.
440 _aACCA Paper P1,Governance,Risk and Ethics.
500 _aPaper Cover
942 _2ddc
_cBK
_k657
999 _c351121
_d351121